| Tag |
First Indicator |
Second Indicator |
Subfields |
| LEADER |
00000cam a2200000 a 4500 |
| 001 |
in00002002016 |
| 005 |
20151031130950.0 |
| 008 |
041025s1999 gw a bm 001 0 ger c |
| 020 |
|
|
|a 3446196064
|
| 035 |
|
|
|a (OCoLC)ocm56811927
|
| 040 |
|
|
|a HLS
|c HLS
|d TXA
|d UtOrBLW
|
| 042 |
|
|
|a pcc
|
| 049 |
|
|
|a TXAM
|
| 050 |
|
4 |
|a T14
|b .R59 1999
|
| 090 |
|
|
|a T14
|b .R67 1999
|
| 100 |
1 |
|
|a Ropohl, Günter.
|
| 245 |
1 |
0 |
|a Allgemeine Technologie :
|b eine Systemtheorie der Technik /
|c G. Ropohl.
|
| 250 |
|
|
|a 2. Aufl.
|
| 264 |
|
1 |
|a München :
|b C. Hanser,
|c [1999]
|
| 264 |
|
4 |
|c ©1999
|
| 300 |
|
|
|a 360 pages :
|b illustrations ;
|c 23 cm.
|
| 336 |
|
|
|a text
|b txt
|2 rdacontent
|
| 337 |
|
|
|a unmediated
|b n
|2 rdamedia
|
| 338 |
|
|
|a volume
|b nc
|2 rdacarrier
|
| 500 |
|
|
|a First edition published under the title: Eine Systemtheorie der Technik.
|
| 500 |
|
|
|a Originally presented as author's thesis (doctoral)--Universität Karlsruhe, 1978.
|
| 504 |
|
|
|a Includes bibliographical references (pages [341]-351) and indexes.
|
| 650 |
|
0 |
|a Technology
|x Philosophy.
|
| 650 |
|
0 |
|a Technology
|x Social aspects.
|
| 650 |
|
0 |
|a System analysis.
|
| 700 |
1 |
|
|a Ropohl, Günter.
|t Systemtheorie der Technik.
|
| 948 |
|
|
|a cataloged
|b h
|c 2004/11/5
|d c
|e jmarner
|f 4:15:22 pm
|
| 994 |
|
|
|a E0
|b TXA
|
| 999 |
|
|
|a MARS
|
| 999 |
f |
f |
|s 79081921-8dbe-38f1-b04e-feba203c2e08
|i a4cb53d5-c047-3c08-ae9e-d52263e4b50a
|t 0
|
| 952 |
f |
f |
|p ric
|a Texas A&M University
|b Rellis Campus
|c Joint Library Facility
|d Remote Storage
|t 0
|e T14 .R59 1999
|h Library of Congress classification
|i unmediated -- volume
|m A14832273173
|
| 998 |
f |
f |
|a T14 .R59 1999
|t 0
|l Remote Storage
|